000 00335nam a2200133 4500
999 _c9596
_d9596
003 OSt
005 20210705115712.0
008 210705b ||||| |||| 00| 0 eng d
020 _a9783869223285
082 _a629.450947
_bGLU
100 _aGlushko, A. V.
245 _a Design for space : Soviet and Russian mission patches
942 _2ddc